Normal view
MARC view
- 1.Traffic Generator Network. 2.Networking
Entry Topical Term
001 - CONTROL NUMBER
- control field: 92841
003 - CONTROL NUMBER IDENTIFIER
- control field: NUST
005 - DATE AND TIME OF LATEST TRANSACTION
- control field: 20220704192007.0
008 - FIXED-LENGTH DATA ELEMENTS
- fixed length control field: 220704|| aca||aabn | a|a d
040 ## - CATALOGING SOURCE
- Original cataloging agency: NUST
- Transcribing agency: NUST
150 ## - HEADING--TOPICAL TERM
- Topical term or geographic name entry element: 1.Traffic Generator Network. 2.Networking
670 ## - SOURCE DATA FOUND
- Source citation: Work cat.: (NUST)8899: Naveed Khan Leghari 92840, Network Traffic Generator and Profiler [Project BIT1], 2004.
